Loading...
| MB | 2 | 1 | 1 | 0 | 35 | 50 | 82.67 | 1 | 3 | 0.00 | 0.00 |
| AG | 1 | 1 | 1 | 0 | 20 | 20 | 65.00 | 1 | 2 | 0.00 | 0.00 |
| AK | 1 | 0 | 0 | 0 | 15 | 38 | 38.00 | 1 | 1 | 0.00 | 0.00 |
| TR | 1 | 0 | 1 | 0 | 10 | 60 | 60.00 | 1 | 1 | 0.00 | 0.00 |
| AW | 0 | 1 | 0 | 0 | 10 | 72 | 72.00 | 1 | 1 | 0.00 | 0.00 |
| BB | 0 | 2 | 2 | 0 | 10 | 116 | 123.50 | 1 | 2 | 0.00 | 0.00 |
| MV | 0 | 1 | 0 | 0 | 10 | 107 | 107.00 | 0 | 1 | 0.00 | 0.00 |
| RC | 1 | 0 | 1 | 0 | 10 | 50 | 50.00 | 1 | 1 | 0.00 | 0.00 |
| AR | 0 | 1 | 1 | 0 | 5 | 131 | 131.00 | 0 | 1 | 0.00 | 0.00 |
| RR | 1 | 0 | 2 | 0 | 5 | 33 | 33.00 | 1 | 1 | 0.00 | 0.00 |
| DM | 0 | 0 | 1 | 0 | -5 | 0.00 | 0 | 0 | 0.00 | 0.00 |
| AG | “Portrait of a Lady” | 15 | 20 |
| RR | databases | 15 | 33 |
| AK | Farm Security Administration | 15 | 38 |
| MB | Gretchen | 15 | 50 |
| RC | Giselle, ou les Wilis | 15 | 50 |
| DM | hot | -5 | 50 |
| TR | oil | 15 | 60 |
| MB | Sophus Lie | 15 | 64 |
| AW | Guān Yǔ | 10 | 72 |
| MB | Colorado Party | -5 | 92 |